书目信息 |
| 题名: |
运动生理学
|
|
| 作者: | 邓树勋 主编 | |
| 分册: | ||
| 出版信息: | 北京 高等教育出版社 1999 |
|
| 页数: | 532页 | |
| 开本: | 20cm | |
| 丛书名: | ||
| 单 册: | ||
| 中图分类: | G804.2 | |
| 科图分类: | 39.912 | |
| 主题词: | 运动生理--高等师范教育--教材 | |
| 电子资源: | ||
| ISBN: | 7-04-007255-6 | |
| 000 | 00727nam0 2200253 45 | |
| 001 | 0188000424 | |
| 005 | 20070702172642.12 | |
| 010 | @a7-04-007255-6@dCNY23.80 | |
| 020 | @aCN@b88000424 | |
| 092 | @b7243·535 | |
| 100 | @a19910410d1999 m y0chiy0120 ea | |
| 101 | 0 | @achi |
| 102 | @aCN@b110000 | |
| 105 | @ay j 000yy | |
| 200 | 10 | @a运动生理学@Ayun dong sheng li xue@f邓树勋主编@Fdeng shu xun zhu bian |
| 210 | @a北京@c高等教育出版社@d1999 | |
| 215 | @a532页@d20cm | |
| 300 | @a普通高等教育"九五"国家教委重点教材 | |
| 606 | @a运动生理@x高等师范教育@x教材 | |
| 690 | @aG804.2@v1980 | |
| 692 | @a39.912@v1974 | |
| 701 | 0 | @a邓树勋@Adeng shu xun@4主编 |
| 801 | 0 | @aCN@bTSSF@c20070702 |
| 905 | @a10447@dG804.2@e273 | |
| 运动生理学/邓树勋主编.-北京:高等教育出版社,1999 |
| 532页;20cm |
| 普通高等教育"九五"国家教委重点教材 |
| ISBN 7-04-007255-6:CNY23.80 |
| ● |
| 相关链接 |
|
|
|
|
正题名:运动生理学
索取号:G804.2/273
 
预约/预借
| 序号 | 登录号 | 条形码 | 馆藏地/架位号 | 状态 | 备注 |
| 1 | 0653962 | 206539628 | 第一样本阅览室/ [索取号:G804.2/273] | 在馆 | |
| 2 | 0764778 | 207647787 | 密集书库/ [索取号:G804.2/273] | 在馆 |